An Adventure with Numbers! Quiz Stats

 Plays Quiz not verified by Sporcle

Challenge
Share
Tweet
Embed
Score 0/238 Timer 10:00
0 Plays Today
% Correct
1
89.2%
4
20.8%
6
19.6%
9
16.3%
10
15%
8
14.6%
12
7.1%
35
6.7%
15
5.8%
16
5.8%
36
5.8%
25
5.4%
26
5.4%
27
5.4%
28
5.4%
21
5%
33
5%
39
5%
40
5%
14
4.6%
18
4.6%
22
4.6%
51
4.6%
30
4.2%
32
4.2%
34
4.2%
42
4.2%
45
4.2%
46
4.2%
49
4.2%
50
4.2%
55
4.2%
75
4.2%
77
4.2%
20
3.8%
24
3.8%
52
3.8%
56
3.8%
57
3.8%
58
3.8%
65
3.8%
66
3.8%
70
3.8%
76
3.8%
78
3.8%
38
3.3%
44
3.3%
48
3.3%
64
3.3%
69
3.3%
82
3.3%
88
3.3%
92
3.3%
63
2.9%
72
2.9%
81
2.9%
85
2.9%
86
2.9%
91
2.9%
96
2.9%
100
2.9%
62
2.5%
87
2.5%
93
2.5%
94
2.5%
95
2.5%
54
2.1%
60
2.1%
68
2.1%
74
2.1%
99
2.1%
105
2.1%
106
2.1%
122
2.1%
170
2.1%
291
2.1%
80
1.7%
84
1.7%
90
1.7%
111
1.7%
% Correct
114
1.7%
116
1.7%
117
1.7%
124
1.7%
126
1.7%
175
1.7%
256
1.7%
270
1.7%
274
1.7%
275
1.7%
276
1.7%
279
1.7%
280
1.7%
285
1.7%
286
1.7%
287
1.7%
288
1.7%
289
1.7%
290
1.7%
292
1.7%
297
1.7%
299
1.7%
300
1.3%
98
1.3%
102
1.3%
104
1.3%
108
1.3%
110
1.3%
112
1.3%
115
1.3%
118
1.3%
120
1.3%
121
1.3%
123
1.3%
125
1.3%
128
1.3%
129
1.3%
130
1.3%
138
1.3%
150
1.3%
152
1.3%
158
1.3%
159
1.3%
160
1.3%
161
1.3%
162
1.3%
165
1.3%
166
1.3%
171
1.3%
172
1.3%
176
1.3%
177
1.3%
178
1.3%
182
1.3%
184
1.3%
185
1.3%
186
1.3%
187
1.3%
188
1.3%
189
1.3%
190
1.3%
215
1.3%
221
1.3%
228
1.3%
246
1.3%
254
1.3%
259
1.3%
261
1.3%
266
1.3%
267
1.3%
272
1.3%
273
1.3%
282
1.3%
294
1.3%
295
1.3%
296
1.3%
298
1.3%
119
0.8%
132
0.8%
133
0.8%
% Correct
134
0.8%
135
0.8%
136
0.8%
140
0.8%
141
0.8%
142
0.8%
143
0.8%
144
0.8%
145
0.8%
146
0.8%
147
0.8%
148
0.8%
153
0.8%
154
0.8%
155
0.8%
156
0.8%
164
0.8%
168
0.8%
169
0.8%
174
0.8%
180
0.8%
183
0.8%
192
0.8%
194
0.8%
195
0.8%
196
0.8%
198
0.8%
200
0.8%
201
0.8%
202
0.8%
203
0.8%
204
0.8%
205
0.8%
206
0.8%
207
0.8%
208
0.8%
209
0.8%
210
0.8%
212
0.8%
213
0.8%
214
0.8%
216
0.8%
217
0.8%
218
0.8%
219
0.8%
220
0.8%
222
0.8%
224
0.8%
225
0.8%
226
0.8%
230
0.8%
231
0.8%
232
0.8%
234
0.8%
235
0.8%
236
0.8%
237
0.8%
238
0.8%
240
0.8%
242
0.8%
243
0.8%
244
0.8%
245
0.8%
247
0.8%
248
0.8%
249
0.8%
250
0.8%
252
0.8%
253
0.8%
255
0.8%
258
0.8%
260
0.8%
262
0.8%
264
0.8%
265
0.8%
268
0.8%
278
0.8%
284
0.8%

You're not logged in!

Compare scores with friends on all Sporcle quizzes.
OR
Log In

You Might Also Like...

Show Comments

Extras

Top Quizzes Today


Score Distribution

Your Account Isn't Verified!

In order to create a playlist on Sporcle, you need to verify the email address you used during registration. Go to your Sporcle Settings to finish the process.

Report this User

Report this user for behavior that violates our Community Guidelines.

Details: